| 000 | 00348cam a22001217a 4500 | ||
|---|---|---|---|
| 008 | 180718b xxu||||| |||| 00| 0 eng d | ||
| 082 | _aR712 F687 | ||
| 100 | _aFogarty, Michael P. | ||
| 245 |
_aCompany responsibility and practice: a new agenda _cby Michael P. Fogarty |
||
| 260 |
_aLondon _bPEP _c |
||
| 300 | _a116p. | ||
| 650 | _aSocial responsibilities | ||
| 999 |
_c434749 _d434749 |
||